[Event "5th HD Bank Cup 2015"]
[Site "Ho Chi Minh City VIE"]
[Date "2015.03.18"]
[Round "3.15"]
[White "Tu, Hoang Thong"]
[Black "Tran, Ngoc Lan"]
[Result "1-0"]
[WhiteTitle "GM"]
[WhiteElo "2414"]
[BlackElo "2219"]
[WhiteFideId "12400076"]
[BlackFideId "12401811"]
[EventDate "2015.03.17"]

1. e4 e5 2. Nf3 Nf6 3. Nc3 Nc6 4. d4 exd4 5. Nxd4 Bb4 6. Nxc6 bxc6 7. Bd3 d5 8.
exd5 Nxd5 9. O-O Nxc3 10. Qe1+ Be6 11. bxc3 Bd6 12. f4 Qe7 13. f5 Bd7 14. Bf4 f6
15. Bxd6 cxd6 16. Qg3 O-O 17. Rfe1 Qf7 18. Qxd6 Rae8 19. Qd4 c5 20. Qxc5 Rc8 21.
Qxa7 Rxc3 22. Rab1 Bc6 23. Re7 Qh5 24. Rxg7+ Kh8 25. Rg3 Qh6 26. Qd4 Qd2 27.
Qxf6+ 1-0

[Event "5th HD Bank Cup 2015"]
[Site "Ho Chi Minh City VIE"]
[Date "2015.03.18"]
[Round "3.16"]
[White "Nguyen, Dang Hong Phuc"]
[Black "Dimakiling, Oliver"]
[Result "0-1"]
[BlackTitle "IM"]
[WhiteElo "2047"]
[BlackElo "2400"]
[WhiteFideId "12402761"]
[BlackFideId "5202248"]
[EventDate "2015.03.17"]

1. d4 Nf6 2. Nf3 d6 3. g3 c6 4. Bg2 Bf5 5. O-O Nbd7 6. b3 e5 7. Nbd2 h6 8. dxe5
dxe5 9. Nh4 Bh7 10. e4 Bc5 11. Bb2 O-O 12. Qe2 Qc7 13. Rad1 a5 14. a3 Rfe8 15.
Rfe1 b5 16. h3 Nf8 17. Nf5 Bg6 18. Qf3 N8h7 19. Qe2 Ng5 20. Kh2 Rad8 21. Nf1 Bh5
22. f3 Rxd1 23. Rxd1 Ngxe4 24. g4 Nf2 25. Rb1 e4+ 26. N1g3 exf3 27. Qxf3 N6xg4+
28. hxg4 Nxg4+ 29. Kh1 Nf2+ 30. Qxf2 Bxf2 31. Nxh5 Re6 32. Rf1 Qd8 33. Bf3 Qg5
34. Nhxg7 Re1 35. Rxe1 Bxe1 36. Bxc6 b4 37. axb4 axb4 38. Be4 Bf2 39. Bg2 Bc5
40. Kh2 Qf4+ 41. Ng3 Bd6 42. Nh5 Qh4+ 43. Kg1 Bxg3 0-1

[Event "5th HD Bank Cup 2015"]
[Site "Ho Chi Minh City VIE"]
[Date "2015.03.18"]
[Round "3.17"]
[White "Nguyen, Anh Khoi"]
[Black "Cao, Sang"]
[Result "1/2-1/2"]
[WhiteTitle "FM"]
[BlackTitle "GM"]
[WhiteElo "2239"]
[BlackElo "2480"]
[WhiteFideId "12404675"]
[BlackFideId "725056"]
[EventDate "2015.03.17"]

1. d4 Nf6 2. c4 e6 3. Nf3 b6 4. g3 Ba6 5. Qa4 c5 6. Bg2 Bb7 7. O-O Be7 8. Nc3
cxd4 9. Nxd4 Bxg2 10. Kxg2 Qc8 11. e4 Qb7 12. f3 Nc6 13. Rd1 O-O 14. Be3 Rac8
15. Nxc6 dxc6 16. Rd2 Rfd8 17. Rad1 h6 18. e5 Nd7 19. f4 f5 20. exf6 c5+ 21. Kg1
Nxf6 22. Rxd8+ Rxd8 23. Rxd8+ Bxd8 24. Qd1 Be7 25. b3 h5 26. h3 g6 27. Bc1 Kf7
28. Qd3 Qc6 29. Bb2 a6 30. Nb1 Qd6 31. Qxd6 Bxd6 32. Nd2 Bc7 33. Kg2 h4 34. Be5
Bxe5 35. fxe5 Nd7 36. Nf3 hxg3 37. Kxg3 Nb8 38. Kf4 Nc6 39. Ke4 Nb4 40. a4 Nc6 1/2-1/2

[Event "5th HD Bank Cup 2015"]
[Site "Ho Chi Minh City VIE"]
[Date "2015.03.18"]
[Round "3.18"]
[White "Nguyen, Van Huy"]
[Black "Dang, Hoang Son"]
[Result "1-0"]
[WhiteTitle "IM"]
[BlackTitle "FM"]
[WhiteElo "2452"]
[BlackElo "2237"]
[WhiteFideId "12401064"]
[BlackFideId "12402435"]
[EventDate "2015.03.17"]

1. d4 d5 2. Nf3 Nf6 3. c4 c6 4. Qb3 Nbd7 5. Nc3 dxc4 6. Qxc4 Nb6 7. Qd3 e6 8. g3
c5 9. Bg2 c4 10. Qc2 Nfd5 11. O-O Bd6 12. e4 Nxc3 13. bxc3 Bd7 14. a4 a5 15. Be3
Ra6 16. Rfb1 Bc6 17. Nd2 Bc7 18. Qa2 O-O 19. Nxc4 Nxa4 20. Qc2 b5 21. Na3 b4 22.
cxb4 axb4 23. Rxb4 Bd6 24. Rbb1 f5 25. d5 exd5 26. exd5 Bd7 27. Nb5 f4 28. Bxf4
Bf5 29. Be4 Bxe4 30. Qxe4 Nc5 31. Qc4 Bxf4 32. Qxc5 Rg6 33. Nd4 Qh4 34. Ne6 Re8
35. Qc6 Rf8 36. Ra8 1-0

[Event "5th HD Bank Cup 2015"]
[Site "Ho Chi Minh City VIE"]
[Date "2015.03.18"]
[Round "3.19"]
[White "Vo, Dai Hoai Duc"]
[Black "Bitoon, Richard"]
[Result "1/2-1/2"]
[BlackTitle "GM"]
[WhiteElo "2195"]
[BlackElo "2422"]
[WhiteFideId "12400033"]
[BlackFideId "5201110"]
[EventDate "2015.03.17"]

1. d4 Nf6 2. c4 e6 3. Nc3 Bb4 4. e3 b6 5. Ne2 c5 6. a3 Ba5 7. Rb1 Na6 8. Bd2 O-O
9. Ng3 Qe7 10. Be2 d5 11. O-O dxc4 12. Bxc4 Rd8 13. Qe2 Bxc3 14. Bxc3 cxd4 15.
Bxd4 Nc7 16. Rfd1 e5 17. Bc3 Ncd5 18. Bb4 Nxb4 19. Rxd8+ Qxd8 20. axb4 Qe7 21.
Rd1 Bg4 22. f3 Bd7 23. Qd2 Rc8 24. Bb3 g6 25. Qd6 Kf8 26. Qd2 Be6 27. Bxe6 Qxe6
28. e4 Kg7 29. Rc1 Rxc1+ 30. Qxc1 Ne8 31. Qc3 Nd6 32. Ne2 Nb5 33. Qd3 a6 34. Nc3
Qb3 35. Qd5 Qxb4 36. Qxe5+ Kg8 37. Qe8+ Kg7 38. Qe5+ Kg8 39. Qe8+ Kg7 40. Qe5+ 1/2-1/2

[Event "5th HD Bank Cup 2015"]
[Site "Ho Chi Minh City VIE"]
[Date "2015.03.18"]
[Round "3.20"]
[White "Wynn Zaw Htun"]
[Black "Li, Xueyi"]
[Result "1/2-1/2"]
[WhiteTitle "IM"]
[WhiteElo "2382"]
[BlackElo "2190"]
[WhiteFideId "13002783"]
[BlackFideId "8605912"]
[EventDate "2015.03.17"]

1. Nf3 d5 2. g3 c6 3. Bg2 Bg4 4. d3 Nd7 5. h3 Bxf3 6. Bxf3 e5 7. Nd2 Bd6 8. e4
d4 9. O-O Ne7 10. Bg2 O-O 11. c3 c5 12. a4 Rb8 13. Nc4 Bc7 14. cxd4 cxd4 15. b4
b5 16. axb5 Rxb5 17. Bd2 Rb7 18. f4 exf4 19. e5 f3 20. Qxf3 Rb5 21. Rxa7 Nxe5
22. Nxe5 Bxe5 23. Ra5 Qd7 24. Rfa1 Ng6 25. Ra7 Qe6 26. R1a5 Rb6 27. Qf2 Rd6 28.
h4 Qg4 29. Bf3 Qxg3+ 30. Qxg3 Bxg3 31. h5 Ne5 32. Kg2 Nxf3 33. Kxf3 Bh4 34. Rb7
h6 35. Bf4 Rf6 36. Ke4 Bf2 37. Re5 g5 38. hxg6 Rxg6 39. b5 Bg3 40. Bxg3 Rxg3 41.
Rd7 f5+ 42. Rxf5 Rg4+ 43. Ke5 Rxf5+ 44. Kxf5 Rg5+ 45. Kf6 Rxb5 46. Rxd4 Rb6+ 47.
Ke7 Rb7+ 48. Kd6 Kg7 49. Re4 Kf6 50. d4 h5 51. d5 Kf5 52. Ra4 Rh7 53. Kc6 h4 54.
d6 h3 55. d7 h2 56. Ra1 Rxd7 57. Kxd7 Kg4 58. Ke6 Kg3 59. Kf5 Kg2 1/2-1/2

[Event "5th HD Bank Cup 2015"]
[Site "Ho Chi Minh City VIE"]
[Date "2015.03.18"]
[Round "3.21"]
[White "Pham, Xuan Dat"]
[Black "Liu, Xiangyi"]
[Result "0-1"]
[BlackTitle "FM"]
[WhiteElo "2189"]
[BlackElo "2380"]
[WhiteFideId "12401307"]
[BlackFideId "8605718"]
[EventDate "2015.03.17"]

1. d4 Nf6 2. c4 g6 3. Nc3 d5 4. e3 Bg7 5. Qb3 dxc4 6. Bxc4 O-O 7. Nf3 c5 8. d5
Nbd7 9. O-O Nb6 10. e4 Nxc4 11. Qxc4 Nd7 12. Bf4 a6 13. a4 Qa5 14. Bg3 Nb6 15.
Qd3 Qb4 16. Rfb1 f5 17. Nd2 fxe4 18. Ndxe4 Bf5 19. Qe3 Rad8 20. Rd1 Nc4 21. Qxc5
Qxc5 22. Nxc5 Nxb2 23. Rdc1 Rc8 24. Ne2 Nd3 25. Nxd3 Bxa1 26. Rxa1 Bxd3 27. Nf4
Bc2 28. h4 Rc4 29. Nh3 Rxa4 30. Re1 Re4 31. Rc1 Rc8 32. f3 Rd4 33. Nf2 Rxd5 34.
Re1 Kf7 35. Kh2 Bf5 36. Bf4 Rc2 37. Kg1 Rb2 38. Re3 Rdd2 0-1

[Event "5th HD Bank Cup 2015"]
[Site "Ho Chi Minh City VIE"]
[Date "2015.03.18"]
[Round "3.22"]
[White "Luong, Phuong Hanh"]
[Black "Pham, Le Thao Nguyen"]
[Result "1/2-1/2"]
[BlackTitle "IM"]
[WhiteElo "2175"]
[BlackElo "2338"]
[WhiteFideId "12401013"]
[BlackFideId "12401226"]
[EventDate "2015.03.17"]

1. Nf3 Nf6 2. d4 d5 3. e3 c6 4. Bd3 Bg4 5. Nbd2 Nbd7 6. c4 e6 7. h3 Bh5 8. O-O
Be7 9. b3 O-O 10. Bb2 Rb8 11. Qc2 Bg6 12. Bxg6 hxg6 13. e4 dxe4 14. Nxe4 Nxe4
15. Qxe4 Nf6 16. Qe3 a6 17. Ne5 Re8 18. Bc3 Qc7 19. Rad1 Bd6 20. Rfe1 Rbd8 21.
Qf3 Re7 22. Rd3 Nd7 23. Ng4 Ree8 24. Red1 Nf8 25. c5 Be7 26. Ne5 f6 27. Nc4 Rd5
28. Bd2 g5 29. Qh5 Qb8 30. Nb6 Rdd8 31. Ba5 Qf4 32. Nc4 Ra8 33. Qe2 Rac8 34. Rf3
Qh4 35. Re3 Kf7 36. Re4 Qh7 37. Re1 Qf5 38. g4 Qh7 39. Kh2 Qh4 40. Qe3 Kg8 41.
Qf3 Kh8 42. R4e3 Kg8 43. R1e2 Kf7 44. Qe4 Qh6 45. Qd3 Kg8 46. b4 Qh7 47. Qb3 Qg6
48. Rf3 Kh8 49. Qe3 Qh7 50. Qb3 Qg6 51. a4 Qf7 52. Qd3 Qg6 53. Qd2 Qf7 54. Qe1
Qg6 55. Rfe3 Qf7 56. Re4 Qg6 57. f3 Qh7 58. Qf1 Qg8 59. f4 gxf4 60. Qxf4 g5 61.
Qg3 Qh7 62. Qf3 Qg6 63. Ne3 Bd8 64. Bxd8 Rcxd8 65. Nc4 Rd5 66. Nd6 Re7 67. Rf2
Nh7 68. Qe3 Nf8 69. b5 axb5 70. axb5 cxb5 71. Ra2 Rxd6 72. cxd6 Rd7 73. Re2 Qe8
74. Qf3 Kg7 75. Rf2 Qd8 76. Rb2 Qb6 77. Qg3 Qc6 78. Ree2 Qxd6 79. Rxb5 Qxd4 80.
Reb2 Qe4 81. R5b4 Qc6 82. Qb8 Qd6+ 83. Qxd6 Rxd6 84. Rxb7+ Nd7 85. R7b3 Kg6 86.
Rc2 f5 87. gxf5+ exf5 88. Rc7 Ne5 89. Rc2 f4 90. Kg2 Rd3 91. Rbc3 Rd4 92. Rc5
Kf6 93. Ra2 Rd6 94. Rca5 Rd3 95. R5a3 1/2-1/2

[Event "5th HD Bank Cup 2015"]
[Site "Ho Chi Minh City VIE"]
[Date "2015.03.18"]
[Round "3.23"]
[White "Hoang, Thi Bao Tram"]
[Black "Harini, S."]
[Result "1-0"]
[WhiteTitle "WGM"]
[WhiteElo "2303"]
[BlackElo "2125"]
[WhiteFideId "12401102"]
[BlackFideId "5024919"]
[EventDate "2015.03.17"]

1. d4 Nf6 2. Nf3 e6 3. c4 b6 4. Nc3 Bb7 5. a3 d5 6. Bf4 a6 7. e3 Be7 8. Rc1 c5
9. dxc5 bxc5 10. Qb3 Qc8 11. Be2 Nbd7 12. O-O O-O 13. Rfd1 Qc6 14. Bg3 Rac8 15.
Qc2 Rfd8 16. Rd2 Bd6 17. Bh4 d4 18. Rcd1 e5 19. Nd5 e4 20. exd4 exf3 21. Bxf3
Nxd5 22. Bxd5 Bxh2+ 23. Kxh2 Qh6 24. Bxb7 Qxh4+ 25. Kg1 Rb8 26. dxc5 Nxc5 27.
Bf3 Rxd2 28. Qxd2 Ne6 29. Bd5 Qf6 30. Bxe6 Qxe6 31. Qd8+ Qe8 32. Qxe8+ Rxe8 33.
Rd6 Re1+ 34. Kh2 Kf8 35. Rxa6 Re2 36. b4 Rxf2 37. Ra7 Rc2 38. c5 g5 39. Rc7 h5
40. b5 Ke8 41. b6 Kd8 42. c6 g4 43. Rd7+ Ke8 44. Rd6 Ke7 45. b7 Rb2 46. c7 1-0

[Event "5th HD Bank Cup 2015"]
[Site "Ho Chi Minh City VIE"]
[Date "2015.03.18"]
[Round "3.24"]
[White "Grafil, Franz Robert"]
[Black "Myo Naing"]
[Result "1/2-1/2"]
[BlackTitle "IM"]
[WhiteElo "2123"]
[BlackElo "2299"]
[WhiteFideId "5205298"]
[BlackFideId "13000071"]
[EventDate "2015.03.17"]

1. d4 Nf6 2. c4 e6 3. g3 c5 4. d5 exd5 5. cxd5 d6 6. Nc3 g6 7. Bg2 Bg7 8. Nf3
O-O 9. O-O a6 10. a4 Nbd7 11. h3 Rb8 12. Rb1 Ne8 13. Bg5 Bf6 14. Bh6 Bg7 15.
Bxg7 Kxg7 16. b4 Nef6 17. e4 cxb4 18. Rxb4 Qa5 19. Qd4 Qc5 20. Rfb1 Qxd4 21.
Nxd4 Re8 22. a5 Nc5 23. f3 Ra8 24. Rb6 Rd8 25. Nb3 Ncd7 26. Rb4 g5 27. Na4 h5
28. Nb6 Nxb6 29. Rxb6 h4 30. gxh4 gxh4 31. f4 Nh5 32. Rf1 Ng3 33. Rf2 Re8 34.
Nd2 f5 35. Nc4 fxe4 36. Nxd6 Re7 37. f5 Re5 38. f6+ Kf8 39. Rc2 e3 40. Rc7 e2
41. Rf7+ Kg8 42. Rg7+ Kf8 43. Rf7+ 1/2-1/2

[Event "5th HD Bank Cup 2015"]
[Site "Ho Chi Minh City VIE"]
[Date "2015.03.18"]
[Round "3.25"]
[White "Vu, Quang Quyen"]
[Black "Htay Min Lwin"]
[Result "0-1"]
[WhiteTitle "CM"]
[WhiteElo "1940"]
[BlackElo "2286"]
[WhiteFideId "12402168"]
[BlackFideId "13001795"]
[EventDate "2015.03.17"]

1. e4 e6 2. d4 d5 3. e5 c5 4. c3 Nc6 5. Nf3 Nge7 6. Bd3 cxd4 7. cxd4 Bd7 8. Nc3
Ng6 9. h4 Bb4 10. Bd2 Nge7 11. O-O h6 12. Nb5 O-O 13. Bxb4 Nxb4 14. Nd6 Nxd3 15.
Qxd3 Qb6 16. Rfc1 Nc8 17. Qb3 Bc6 18. Nxc8 Rfxc8 19. Qxb6 axb6 20. a3 Bb5 21.
Nd2 Kf8 22. f3 Ke8 23. Kf2 Rc6 24. Rxc6 bxc6 25. Rc1 Kd7 26. Ke3 Ra4 27. Nb1 Rc4
28. Nc3 Ba4 29. Ne2 Rxc1 30. Nxc1 c5 31. Ne2 f6 32. Nc3 Bc6 33. b4 fxe5 34. bxc5
bxc5 35. Ne2 exd4+ 36. Kd2 e5 37. g3 Bb5 38. Nc1 Bc4 0-1

[Event "5th HD Bank Cup 2015"]
[Site "Ho Chi Minh City VIE"]
[Date "2015.03.18"]
[Round "3.26"]
[White "Nguyen, Thi Mai Hung"]
[Black "Nguyen, Sy Hung"]
[Result "1/2-1/2"]
[WhiteTitle "WGM"]
[WhiteElo "2248"]
[BlackElo "2113"]
[WhiteFideId "12401676"]
[BlackFideId "12401374"]
[EventDate "2015.03.17"]

1. d4 Nf6 2. Nf3 g6 3. Bg5 Bg7 4. Nbd2 d5 5. c3 O-O 6. e3 Nbd7 7. Bd3 c5 8. O-O
Qc7 9. Re1 Re8 10. e4 dxe4 11. Nxe4 Nxe4 12. Rxe4 Nf6 13. Re1 cxd4 14. Nxd4 a6
15. h3 Bd7 16. Qf3 Qb6 17. Re2 e5 18. Nb3 Bc6 19. Qg3 Nd5 20. Rae1 a5 21. c4 Nb4
22. Bb1 a4 23. Nd2 f5 24. Qh4 e4 25. Bf6 Bd7 26. Bxg7 Kxg7 27. Qf4 Qc5 28. Kh1
Rac8 29. f3 exf3 30. Qxf3 Nc6 31. Qd3 Qd4 32. a3 Kf6 33. Rxe8 Rxe8 34. Rxe8 Bxe8
35. Qc2 Ne5 36. c5 Bc6 37. Nf1 Be4 38. Qc1 Bxb1 39. Qxb1 Qxc5 40. Qd1 Qb5 41.
Qd6+ Kg7 42. Ne3 f4 43. Nd5 Qf1+ 44. Kh2 1/2-1/2

[Event "5th HD Bank Cup 2015"]
[Site "Ho Chi Minh City VIE"]
[Date "2015.03.18"]
[Round "3.27"]
[White "Nguyen, Huynh Tuan Hai"]
[Black "Turqueza, Mari Joseph"]
[Result "0-1"]
[BlackTitle "FM"]
[WhiteElo "1881"]
[BlackElo "2243"]
[WhiteFideId "12402923"]
[BlackFideId "5204674"]
[EventDate "2015.03.17"]

1. e4 c5 2. Nf3 g6 3. d4 cxd4 4. Nxd4 Nc6 5. Be3 Bg7 6. Nc3 Nf6 7. Bc4 O-O 8. f3
Qb6 9. Bb3 Nxe4 10. Nd5 Qa5+ 11. c3 Bxd4 12. Bxd4 Nc5 13. Bc2 Nd3+ 14. Qxd3 Qxd5
15. Be3 Qxd3 16. Bxd3 d5 17. h4 Bf5 18. Be2 h5 19. g4 hxg4 20. fxg4 Be4 21. Rf1
Kg7 22. h5 gxh5 23. gxh5 f5 24. Rg1+ Kh7 25. h6 Rg8 26. Kd2 e5 27. Bh5 f4 28.
Bc5 b6 29. Ba3 Kxh6 30. Bf7 Rg3 31. Be6 Rd8 32. Rae1 Kg5 0-1

[Event "5th HD Bank Cup 2015"]
[Site "Ho Chi Minh City VIE"]
[Date "2015.03.18"]
[Round "3.28"]
[White "Nguyen, Ngoc Thuy Trang"]
[Black "Gomez, John Paul"]
[Result "0-1"]
[WhiteTitle "WCM"]
[BlackTitle "GM"]
[WhiteElo "1841"]
[BlackElo "2524"]
[WhiteFideId "12400688"]
[BlackFideId "5201381"]
[EventDate "2015.03.17"]

1. d4 d5 2. Nf3 Nf6 3. e3 c5 4. b3 cxd4 5. exd4 Nc6 6. Bb2 g6 7. Nbd2 Bg7 8. a3
O-O 9. Bd3 Bf5 10. Bxf5 gxf5 11. h4 e6 12. Rh3 Ne4 13. Ne5 Rc8 14. Nxc6 Rxc6 15.
Nxe4 fxe4 16. c3 f5 17. Bc1 f4 18. h5 h6 19. Qg4 Qf6 20. Bb2 b5 21. a4 b4 22.
cxb4 Rc2 23. Rb1 Kh8 24. Bc3 e3 25. Bb2 Rxf2 26. Rf3 Rxf3 27. Qxf3 Qe7 28. Ba3
Bxd4 29. Rc1 a5 30. Rc2 axb4 31. Bc1 Bc3+ 32. Kf1 Qh7 0-1

[Event "5th HD Bank Cup 2015"]
[Site "Ho Chi Minh City VIE"]
[Date "2015.03.18"]
[Round "3.29"]
[White "Padmini, Rout"]
[Black "Le, Kieu Thien Kim"]
[Result "1/2-1/2"]
[WhiteTitle "WGM"]
[BlackTitle "WIM"]
[WhiteElo "2454"]
[BlackElo "2138"]
[WhiteFideId "5029295"]
[BlackFideId "12400572"]
[EventDate "2015.03.17"]

1. e4 e5 2. Nf3 Nf6 3. Nxe5 d6 4. Nf3 Nxe4 5. Nc3 Nf6 6. d4 Be7 7. Bd3 Bg4 8. h3
Bh5 9. Bf4 a6 10. g4 Bg6 11. Qd2 Nbd7 12. O-O-O b5 13. Rde1 Nb6 14. Bg5 O-O 15.
h4 b4 16. Ne2 Nxg4 17. Nf4 Nf6 18. Bxg6 fxg6 19. Ne6 Qd7 20. Nxf8 Rxf8 21. Qe2
Bd8 22. Qxa6 h6 23. Bxf6 Rxf6 24. Qe2 Qf5 25. Nd2 d5 26. Qb5 Kh7 27. Qxb4 Rc6
28. c3 Qf4 29. Kd1 Bxh4 30. Re2 Bg5 31. Qb5 Re6 32. b3 Nc4 33. bxc4 Rxe2 34.
Kxe2 Qxd2+ 35. Kf1 Qd1+ 36. Kg2 Qg4+ 37. Kf1 Qd1+ 38. Kg2 Qg4+ 1/2-1/2

[Event "5th HD Bank Cup 2015"]
[Site "Ho Chi Minh City VIE"]
[Date "2015.03.18"]
[Round "3.30"]
[White "Tran, Manh Tien"]
[Black "Zhou, Guijue"]
[Result "1-0"]
[BlackTitle "WIM"]
[WhiteElo "2266"]
[BlackElo "2175"]
[WhiteFideId "12401897"]
[BlackFideId "8602905"]
[EventDate "2015.03.17"]

1. Nf3 c5 2. c4 Nc6 3. d4 cxd4 4. Nxd4 g6 5. Nc3 Bg7 6. e3 Nf6 7. Be2 O-O 8. O-O
b6 9. Nxc6 dxc6 10. Bf3 Bb7 11. Qc2 e5 12. b3 Qe7 13. a4 e4 14. Be2 Rfd8 15. Bb2
h5 16. a5 c5 17. a6 Bc6 18. Rad1 Rxd1 19. Rxd1 Rd8 20. h3 Rxd1+ 21. Qxd1 Qd7 22.
Qc1 Ne8 23. Nb5 Nd6 24. Bxg7 Kxg7 25. Nc3 Ne8 26. Qc2 Nc7 27. Nxe4 Bxe4 28. Qxe4
Nxa6 29. Qe5+ f6 30. Qg3 Kf7 31. Bf3 Nb4 32. Qb8 Kg7 33. Qg3 Kf7 34. Be4 Qd1+
35. Kh2 f5 36. Qc7+ Kf6 37. Bd5 Qa1 38. f4 Nxd5 39. cxd5 Qe1 40. Qe5+ Kf7 41.
Qe6+ Kg7 42. Qe7+ Kg8 43. h4 1-0

[Event "5th HD Bank Cup 2015"]
[Site "Ho Chi Minh City VIE"]
[Date "2015.03.18"]
[Round "3.31"]
[White "Cho, Seongho"]
[Black "Tu, Hoang Thai"]
[Result "0-1"]
[BlackTitle "IM"]
[WhiteElo "2036"]
[BlackElo "2249"]
[WhiteFideId "13200550"]
[BlackFideId "12400351"]
[EventDate "2015.03.17"]

1. d4 c5 2. d5 f5 3. g3 Nf6 4. Bg2 g6 5. Nf3 d6 6. O-O Bg7 7. c4 O-O 8. Nc3 Na6
9. a3 Bd7 10. Nd2 Nc7 11. a4 a6 12. a5 Rb8 13. Qc2 b5 14. Ra2 Qc8 15. b3 g5 16.
e3 h6 17. Ne2 Qe8 18. f4 bxc4 19. bxc4 e6 20. dxe6 Qxe6 21. Qd3 Rfe8 22. Nb1 Ng4
23. fxg5 hxg5 24. Rf3 0-1

[Event "5th HD Bank Cup 2015"]
[Site "Ho Chi Minh City VIE"]
[Date "2015.03.18"]
[Round "3.32"]
[White "Nguyen, Tran Ngoc Thuy"]
[Black "Bao, Khoa"]
[Result "0-1"]
[WhiteTitle "WFM"]
[BlackTitle "IM"]
[WhiteElo "1887"]
[BlackElo "2237"]
[WhiteFideId "12400661"]
[BlackFideId "12401501"]
[EventDate "2015.03.17"]

1. e4 c5 2. Nf3 e6 3. d4 cxd4 4. Nxd4 a6 5. Nc3 Qc7 6. Be3 Bb4 7. Qd2 Nf6 8. f3
d5 9. exd5 Nxd5 10. Nde2 Nxe3 11. Qxe3 O-O 12. O-O-O Nd7 13. Ne4 b5 14. N2g3 Ne5
15. Nf6+ gxf6 16. Nh5 f5 17. Qg5+ Ng6 18. Kb1 f6 19. Nxf6+ Kh8 20. Nh5 Bb7 21.
Bd3 Bd5 22. Rhf1 Rac8 23. g4 Qa5 24. a3 Bxa3 25. bxa3 Qxa3 26. Rf2 b4 27. gxf5
Rc5 28. Qh6 Ba2+ 29. Ka1 Qc3+ 0-1

[Event "5th HD Bank Cup 2015"]
[Site "Ho Chi Minh City VIE"]
[Date "2015.03.18"]
[Round "3.33"]
[White "Vo, Thi Kim Phung"]
[Black "Le, Minh Hoang"]
[Result "1-0"]
[WhiteTitle "WIM"]
[BlackTitle "CM"]
[WhiteElo "2197"]
[BlackElo "2025"]
[WhiteFideId "12401838"]
[BlackFideId "12404683"]
[EventDate "2015.03.17"]

1. d4 d5 2. Nf3 Nf6 3. c4 c6 4. Nc3 dxc4 5. a4 Bf5 6. e3 e6 7. Bxc4 Bb4 8. O-O
O-O 9. Qb3 a5 10. h3 h6 11. Rd1 Nbd7 12. Be2 Qe7 13. Bd2 e5 14. dxe5 Nxe5 15.
Na2 Bd6 16. Nd4 Bg6 17. f4 Ned7 18. Qxb7 Rab8 19. Qxc6 Rfc8 20. Qf3 Be4 21. Qf2
Rxb2 22. Bxa5 Nc5 23. Bc3 Nd3 24. Rxd3 Rxa2 25. Rxa2 Bxd3 26. Bxd3 Rxc3 27. Rd2
g6 28. Qf3 Bc5 29. Kh2 Bxd4 30. exd4 Qa7 31. Rc2 Qxd4 32. Rxc3 Qxc3 33. Bb5 Qb4
34. Qe3 Ne4 35. Bc6 Nd6 36. Qe5 Nf5 37. a5 Qa3 38. Qe8+ Kg7 39. Bd5 Nd6 40. Qe5+
Kg8 41. Qe7 Qg3+ 42. Kxg3 Nf5+ 43. Kf2 Nxe7 44. Bb7 1-0

[Event "5th HD Bank Cup 2015"]
[Site "Ho Chi Minh City VIE"]
[Date "2015.03.18"]
[Round "3.34"]
[White "Nguyen, Phuoc Tam"]
[Black "Tran, Minh Thang"]
[Result "0-1"]
[BlackTitle "CM"]
[WhiteElo "2059"]
[BlackElo "2196"]
[WhiteFideId "12402109"]
[BlackFideId "12401080"]
[EventDate "2015.03.17"]

1. d4 Nf6 2. c4 g6 3. Nc3 d5 4. cxd5 Nxd5 5. e4 Nxc3 6. bxc3 Bg7 7. Bc4 O-O 8.
Ne2 c5 9. O-O Nc6 10. Be3 b6 11. dxc5 Qc7 12. Bf4 Ne5 13. Bd5 Rb8 14. cxb6 axb6
15. Nd4 Ba6 16. Re1 Rbc8 17. Qa4 Bc4 18. Nc6 b5 19. Qa3 Rfe8 20. Nxe5 Bxe5 21.
Bxc4 Bxf4 22. Bxb5 Bxh2+ 23. Kf1 Red8 24. Rad1 Bd6 25. Qb3 Bc5 26. Rxd8+ Rxd8
27. Rd1 Rb8 28. Qc4 Qb6 29. a4 Bxf2 30. Qe2 Bh4 31. Qf3 Qc7 32. Rd7 Qh2 33. Qe3
h6 34. c4 Bg5 35. Qf2 Qe5 36. Qd4 Qf4+ 37. Ke2 e5 38. Qd5 Rb6 39. c5 Qe3+ 40.
Kd1 Qc1+ 41. Ke2 Rf6 42. Kd3 Rf2 43. Qa8+ Kg7 44. Rxf7+ Rxf7 45. Qd5 Qd1+ 46.
Kc3 Qa1+ 47. Kb4 Qe1+ 48. Kb3 h5 49. c6 Qb1+ 50. Kc3 Rf2 51. Qd3 Bd2+ 52. Kc4
Qb4+ 53. Kd5 Rf6 54. c7 Rd6+ 55. Kxe5 Rxd3 0-1

[Event "5th HD Bank Cup 2015"]
[Site "Ho Chi Minh City VIE"]
[Date "2015.03.18"]
[Round "3.35"]
[White "Kebbedies, Frank"]
[Black "Nguyen, Minh Tuan"]
[Result "1/2-1/2"]
[WhiteElo "1842"]
[BlackElo "2142"]
[WhiteFideId "24606944"]
[BlackFideId "12403512"]
[EventDate "2015.03.17"]

1. d4 Nf6 2. c4 g6 3. Nf3 Bg7 4. g3 O-O 5. Bg2 d6 6. Nc3 Nbd7 7. O-O c6 8. e4
Qc7 9. h3 b6 10. Be3 Bb7 11. Qc2 e5 12. Rad1 Rfe8 13. Rfe1 a6 14. b4 exd4 15.
Nxd4 c5 16. bxc5 dxc5 17. Bf4 Qc8 18. Nde2 Ne5 19. Qb3 b5 20. Bxe5 Rxe5 21. f4
Re8 22. e5 Bxg2 23. Kxg2 Qc6+ 24. Kh2 Ne4 25. Rd5 Nxc3 26. Nxc3 Rab8 27. Red1
bxc4 28. Qxc4 Rb2+ 29. Kg1 Qe6 30. g4 Rb4 31. Qf1 Bh6 32. Ne2 f5 33. g5 Bf8 34.
Qf3 Qc6 35. Kg2 Rb2 36. R5d2 Qxf3+ 37. Kxf3 Rxd2 38. Rxd2 h6 39. h4 hxg5 40.
hxg5 Kf7 41. Rd7+ Re7 42. Rxe7+ Bxe7 43. Ke3 Ke6 44. Nc3 Bxg5 45. fxg5 Kxe5 46.
Ne2 f4+ 47. Nxf4 Kf5 48. Nd5 Kxg5 49. Kd3 Kf5 50. Kc4 Ke4 51. Kxc5 g5 52. Nc3+
Kf4 53. Ne2+ Ke4 54. Ng3+ Kf4 55. Nh5+ Kf5 56. Ng3+ Kf4 57. Ne2+ Kf3 58. Nd4+
Ke4 59. Ne2 1/2-1/2

[Event "5th HD Bank Cup 2015"]
[Site "Ho Chi Minh City VIE"]
[Date "2015.03.18"]
[Round "3.36"]
[White "Manaog, Stewart"]
[Black "Nguyen, Truong Bao Tran"]
[Result "1/2-1/2"]
[WhiteElo "2104"]
[BlackElo "1884"]
[WhiteFideId "5207410"]
[BlackFideId "12402311"]
[EventDate "2015.03.17"]

1. d4 Nf6 2. e3 d6 3. Nf3 g6 4. g3 Bg7 5. Bg2 O-O 6. O-O Nbd7 7. c4 e5 8. dxe5
Nxe5 9. Nxe5 dxe5 10. Qc2 c6 11. Nc3 Qe7 12. a4 a5 13. b3 Rd8 14. h3 Be6 15. Bb2
Ne8 16. Ne4 f5 17. Ba3 Qc7 18. Ng5 Bf7 1/2-1/2